| 000 | 00346nam a22001457a 4500 | ||
|---|---|---|---|
| 003 | SGT | ||
| 082 |
_a617.6342 _bB21S |
||
| 100 | _aSharma, Shelly | ||
| 245 | _aBioactive Materials | ||
| 260 |
_aGurugram, Haryana _bSGT University _c2021 |
||
| 300 | _a86 | ||
| 650 | _aConservative Dentistry | ||
| 653 | _aConservative Dentistry | ||
| 942 |
_2ddc _cTH |
||
| 999 |
_c23628 _d23628 |
||